Statistics for Random Countries by Phonetic Name

Click here to take the quiz!

General Stats

  • This quiz has been taken 132 times
  • The average score is 18 of 20

Answer Stats

Phonetic NameCountry% Correct
æfˈgæn əˌstænAfghanistan
100%
ænˈdɔr əAndorra
100%
æŋˈgoʊ ləAngola
100%
ænˈti gə ænd bɑrˈbu dəAntigua and Barbuda
100%
ɑrˈmi ni əArmenia
100%
ɔˈstreɪl yəAustralia
100%
ˈɔ stri əAustria
100%
ˌɑ zər baɪˈdʒɑnAzerbaijan
100%
bəˈhɑ məzBahamas
100%
bɑˈreɪnBahrain
100%
ˌbyɛl əˈrusBelarus
100%
ˈbɛl dʒəmBelgium
100%
bəˈlizBelize
100%
buˈtɑnBhutan
100%
ˈbɒz ni ə ænd ˌhɛr tsə goʊˈvi nəBosnia and Herzegovina
100%
brəˈzɪlBrazil
100%
brʊˈnaɪBrunei
100%
bʌlˈgɛər i əBulgaria
100%
bərˈki nə ˈfɑ soʊBurkina Faso
100%
bʊˈrʊn diBurundi
100%
kæmˈboʊ di əCambodia
100%
ˌkæm əˈrunCameroon
100%
ˈkæn ə dəCanada
100%
ˈsɛn trəl ˈæf rɪ kən rɪˈpʌb lɪkCentral African Republic
100%
tʃædChad
100%
ˈkyu bəCuba
100%
ˈdɛn mɑrkDenmark
100%
dʒɪˈbu tiDjibouti
100%
ˌdɒm əˈni kəDominica
100%
dəˈmɪn ɪ kənDominican Republic
100%
ˌdɛm əˈkræt ɪk rɪˈpʌb lɪk ʌv ðiˈkɒŋ goʊD.R. Congo
100%
ˈɛk wəˌdɔrEcuador
100%
ɛl ˈsæl vəˌdɔrEl Salvador
100%
ˌi θiˈoʊ pi əEthiopia
100%
ˈfi dʒiFiji
100%
ˈfɪn ləndFinland
100%
frænsFrance
100%
ˈgæm bi əGambia
100%
ˈdʒɜr mə niGermany
100%
ˈgɑ nəGhana
100%
grisGreece
100%
grɪˈneɪ dəGrenada
100%
ˈgɪn iGuinea
100%
ˈgɪn i bɪˈsaʊGuinea-Bissau
100%
ˈheɪ tiHaiti
100%
hɒnˈdʊər əsHonduras
100%
ˈhʌŋ gə riHungary
100%
ˈaɪs ləndIceland
100%
ˈɪndɪəIndia
100%
ɪˈrænIran
100%
ɪˈrækIraq
100%
ˈɪz ri əlIsrael
100%
ˈɪt l iItaly
100%
dʒəˈpænJapan
100%
ˌkɑ zɑkˈstɑnKazakhstan
100%
ˈkɛn yəKenya
100%
kɔˈsɔvaKosovo
100%
ˈlæt vi əLatvia
100%
ˈlɪb i əLibya
100%
ˈlɪk tənˌstaɪnLiechtenstein
100%
ˌlɪθ uˈeɪ ni əLithuania
100%
ˌmæd əˈgæs kərMadagascar
100%
ˈmɔl divzMaldives
100%
ˈmɑr ʃəl ˈaɪ ləndMarshall Islands
100%
ˈmɛk sɪˌkoʊMexico
100%
ˌmaɪ krəˈni ʒəMicronesia
100%
mɔlˈdoʊ vəMoldova
100%
məˈrɒk oʊMorocco
100%
ˌmoʊ zæmˈbikMozambique
100%
maɪˈɑn mɑMyanmar
100%
nəˈmɪb i əNamibia
100%
nɑˈu ruNauru
100%
nəˈpɔlNepal
100%
nu ˈzi ləndNew Zealand
100%
ˌnɪk əˈrɑ gwəNicaragua
100%
ˈnaɪ dʒərNiger
100%
nɔrθ kəˈri əNorth Korea
100%
nɔrθ ˌmæs ɪˈdoʊ ni əNorth Macedonia
100%
ˈnɔr weɪNorway
100%
oʊˈmɑnOman
100%
ˈpæk əˌstænPakistan
100%
pɑːˈlaʊPalau
100%
ˈpæp yu ə nu ˈgɪn iPapua New Guinea
100%
ˈpær əˌgwaɪParaguay
100%
ˈfɪlɪˌpiːnzPhilippines
100%
ˈpoʊ ləndPoland
100%
ˈpɔr tʃə gəlPortugal
100%
ˈkɑ tɑrQatar
100%
roʊˈmeɪ ni əRomania
100%
seɪnt kɪt ænd ˈni vɪsSaint Kitts and Nevis
100%
səˈmoʊ əSamoa
100%
ˈsaʊ di əˈreɪ bi əSaudi Arabia
100%
ˌsɛn ɪˈgɔlSenegal
100%
ˈsɜr bi əSerbia
100%
seɪˈʃɛlSeychelles
100%
siˈɛr ə liˈoʊ niSierra Leone
100%
sloʊˈvɑ ki əSlovakia
100%
sloʊˈvi ni əSlovenia
100%
ˈsɒl ə mən ˈaɪ ləndSolomon Islands
100%
soʊˈmɑ li əSomalia
100%
saʊθ ˈæf rɪ kəSouth Africa
100%
saʊθ kəˈri əSouth Korea
100%
saʊθ suˈdænSouth Sudan
100%
speɪnSpain
100%
suˈdænSudan
100%
ˈsʊər əˌnɑmSuriname
100%
ˈswid nSweden
100%
ˈsɪər i əSyria
100%
ˈtaɪˈwɑnTaiwan
100%
təˈdʒɪk əˌstænTajikistan
100%
ˌtæn zəˈni əTanzania
100%
ˈtaɪˌlændThailand
100%
ˈtɒŋ gəTonga
100%
ˈtɜːkɪTurkey
100%
ˈtu vəˌluTuvalu
100%
yuˈgæn dəUganda
100%
yuˈnaɪ tɪd ˈær əb əˈmɪər ɪtUnited Arab Emirates
100%
yuˈnaɪ tɪd ˈkɪŋ dəmUnited Kingdom
100%
ˈyʊər əˌgweɪUruguay
100%
ʊzˈbɛk əˌstænUzbekistan
100%
ˌvɑ nuˈɑ tuVanuatu
100%
ˈvæt ɪ kən ˈsɪt iVatican City
100%
ˌvɛn əˈzweɪ ləVenezuela
100%
ˌvjɛtˈnæmVietnam
100%
ˈyɛm ənYemen
100%
ˈzæm bi əZambia
100%
zɪmˈbɑb weɪZimbabwe
100%
ist ˈti mɔrEast Timor
75%
gaɪˈæn əGuyana
75%
ˌkɪr gɪˈstɑnKyrgyzstan
75%
ˈlɑ oʊsLaos
75%
ˈtʃaɪ nəChina
67%
mɔˈrɪʃ əsMauritius
67%
ˌmɒn təˈni groʊMontenegro
67%
rɪˈpʌb lɪk ʌv ði ˈkɒŋ goʊR. Congo
67%
ælˈdʒɪər i əAlgeria
50%
kəˈlʌm bi əColombia
50%
ˈkɒm əˌroʊzComoros
50%
ˈsaɪ prəsCyprus
50%
ˈi dʒɪptEgypt
50%
ˈdʒɔr dʒəGeorgia
50%
ˌgwɑ təˈmɑ ləGuatemala
50%
ˌɪn dəˈni ʒəIndonesia
50%
dʒəˈmeɪ kəJamaica
50%
ˈdʒɔr dnJordan
50%
ˈlɛb ə nənLebanon
50%
laɪˈbɪər i əLiberia
50%
ˈrʌʃ əRussia
50%
ˈaɪ və ri koʊstIvory Coast
33%
ælˈbeɪ ni əAlbania
0%
ˌɑr dʒənˈti nəArgentina
0%
ˌbɑŋ gləˈdɛʃBangladesh
0%
bɑrˈbeɪ doʊzBarbados
0%
bɛˌninBenin
0%
bəˈlɪv i əBolivia
0%
bɒtˈswɑ nəBotswana
0%
keɪp vɜrdCape Verde
0%
ˈtʃɪl iChile
0%
ˈkɒs tə ˈri kəCosta Rica
0%
kroʊˈeɪ ʃəCroatia
0%
tʃɛkiaCzechia
0%
ˌi kwəˈtɔr i əl ˈgɪn iEquatorial Guinea
0%
ˌɛr ɪˈtri əEritrea
0%
ɛˈstoʊ ni əEstonia
0%
ɛswɑːˈtiːniEswatini
0%
gaˈbɔ̃Gabon
0%
ˈaɪər ləndIreland
0%
ˌkɪər iˈbɑ tiKiribati
0%
kʊˈweɪtKuwait
0%
ləˈsu tuLesotho
0%
ˈlʌk səmˌbɜrgLuxembourg
0%
məˈlɑ wiMalawi
0%
məˈleɪ ʒəMalaysia
0%
ˈmɑ liMali
0%
ˈmɔl təMalta
0%
ˌmɔr ɪˈteɪ ni əMauritania
0%
ˈmɒn əˌkoʊMonaco
0%
mɒŋˈgoʊ li əMongolia
0%
ˈnɛð ər ləndzNetherlands
0%
naɪˈdʒɪər i əNigeria
0%
ˈpæn əˌmɑPanama
0%
pəˈruPeru
0%
ruˈɑn dəRwanda
0%
seɪnt ˈlu ʃəSaint Lucia
0%
seɪnt ˈvɪn sənt ænd ði ˌgrɛn əˈdinzSaint Vincent and the Grenadines
0%
ˌsæn məˈri noʊSan Marino
0%
ˈsaʊ təˈmeɪ ænd ˈprɪn sə pəSão Tomé and Príncipe
0%
ˈsɪŋ gəˌpɔrSingapore
0%
ˌsri ˈlɑŋ kəSri Lanka
0%
ˈswɪt sər ləndSwitzerland
0%
ˈtoʊ goʊTogo
0%
ˈtrɪn ɪˌdæd ænd təˈbeɪ goʊTrinidad and Tobago
0%
tuˈni ʒəTunisia
0%
ˌtɜrk mɛ nəˈstænTurkmenistan
0%
yuˈkreɪnUkraine
0%
yuˈnaɪ tɪd steɪtsUnited States
0%

Score Distribution

Percentile by Number Answered

Percent of People with Each Score

Your Score History

You have not taken this quiz